|
|
|
|
| LEADER |
00000nam0a2200000 4500 |
| 001 |
281579 |
| 005 |
20231101235421.0 |
| 035 |
|
|
|a (RuTPU)RU\TPU\book\305372
|
| 090 |
|
|
|a 281579
|
| 100 |
|
|
|a 20150123d1986 km y0rusy50 ca
|
| 101 |
0 |
|
|a rus
|
| 102 |
|
|
|a RU
|
| 105 |
|
|
|a y z 001zy
|
| 200 |
1 |
|
|a Мировые загадки сегодня
|f И. И. Адабашев
|g под ред. А. Г. Назарова
|
| 205 |
|
|
|a 2-е изд., испр. и доп.
|
| 210 |
|
|
|a Москва
|c Советская Россия
|d 1986
|
| 215 |
|
|
|a 304 с.
|
| 320 |
|
|
|a Библиогр. в тексте
|
| 606 |
1 |
|
|a Естествознание
|x Философские проблемы
|2 stltpush
|3 (RuTPU)RU\TPU\subj\39118
|9 59321
|
| 610 |
1 |
|
|a философия
|
| 610 |
1 |
|
|a история
|
| 610 |
1 |
|
|a познание
|
| 610 |
1 |
|
|a человек
|
| 610 |
1 |
|
|a органика
|
| 610 |
1 |
|
|a внимание
|
| 610 |
1 |
|
|a космос
|
| 610 |
1 |
|
|a цветы
|
| 610 |
1 |
|
|a будущее
|
| 610 |
1 |
|
|a мировые загадки
|
| 610 |
1 |
|
|a факты
|
| 610 |
1 |
|
|a домыслы
|
| 686 |
|
|
|a Ю252:5
|v LBC/SL-A
|2 rubbk
|
| 700 |
|
1 |
|a Адабашев
|b И. И.
|g Игорь Иванович
|
| 702 |
|
1 |
|a Назаров
|b А. Г.
|4 340
|
| 801 |
|
1 |
|a RU
|b 63413507
|c 20150123
|
| 801 |
|
2 |
|a RU
|b 63413507
|c 20170628
|g RCR
|
| 942 |
|
|
|c BK
|